U.S. Cities Over 100,000 - V - Statistics

General Stats
  • This quiz has been taken 85 times
    75 since last reset
  • The average score is 3 of 7
Answer Stats
Pop. City % Correct
437,994 Virginia Beach
90%
174,826 Vancouver
63%
124,442 Visalia
41%
115,903 Victorville
39%
109,592 Ventura
35%
100,032 Vacaville
27%
115,942 Vallejo
24%
No matching quizzes found
Score Distribution
Percent of People with Each Score
Percentile by Number Answered
Your Score History
You have not taken this quiz since the last reset